000 00534nam a22001937a 4500
003 KOHA_MİRAKIL
005 20251218121129.0
008 251218b tu ||||| |||| 00| 0 tur d
020 _a9786051967561
040 _aTR-AnABB
_btur
_cTR-AnABB
041 _atur
082 _a306.2
_bSIY 2022
100 1 _aGökçe,Orhan,
245 1 0 _aSiyaset sosyolojisi /
_cGökçe Orhan
260 _aKonya :
_bÇizgi Kitabevi Yayınları,
_c2022
300 _a304 sayfa ;
_c24 cm
650 0 4 _aSiyaset sosyolojisi
942 _2ddc
_cBK
999 _c9778
_d9778
900 _bGizem YORULMAZ